| 000 | 00851nam a22001697a 4500 | ||
|---|---|---|---|
| 005 | 20220221131543.0 | ||
| 008 | 220221b ||||| |||| 00| 0 eng d | ||
| 020 | _a9780335262038 | ||
| 050 | _aPN171.F56N41 | ||
| 100 | _9Neville,Colin. | ||
| 245 |
_aThe complete guide to referencing and avoiding plagiarism ./ _cColin Neville. |
||
| 260 |
_aLondon.; _bMcGraw hill education, _c2016. |
||
| 300 |
_ax,229 pages.: _c24cm. |
||
| 500 | _aIncludes references and index | ||
| 505 | _aContents : The 'shock' of referencing -- Why reference ? -- What to reference -- When to reference -- Plagiarism -- Referencing and writing -- Referencing and the digital world -- Referencing styles ( introduction) -- Harvard and other name-date referencing styles -- Numerical referencing styles -- Referencing examples -- Frequently asked questions | ||
| 942 |
_2lcc _cBK |
||
| 999 |
_c8743 _d16243 |
||